| 000 | 00806nam a2200241 i 4500 | ||
|---|---|---|---|
| 999 |
_c7420 _d7420 |
||
| 003 | OSt | ||
| 005 | 20211122175025.0 | ||
| 008 | 030910s2003 sp | |000|| spa | ||
| 020 | _a8495427494 | ||
| 040 |
_aBUS _bcat _cCDMR |
||
| 080 | _a614:316.77 | ||
| 080 | _a37:613 | ||
| 100 |
_aCatalán Alonso, José María _94724 |
||
| 245 | 1 | 1 |
_a¡Infórmate en salud! : _blos medios de comunicación y la información sanitaria / _cJosé María Catalán y Javier López Iglesias |
| 260 |
_aMadrid : _bEneida, _cDL 2003 |
||
| 300 |
_a158 p. ; _c20 cm |
||
| 490 | 0 |
_aCuadernos de educación para la salud ; _v9 |
|
| 526 | _a1720014 | ||
| 650 | 0 | 0 |
_aSalut en els mitjans de comunicació de massa _93821 |
| 650 | 0 | 0 |
_aComunicació i ciència _93668 |
| 700 |
_aLópez Iglesias, Javier _94725 |
||
| 942 |
_2udc _cMON |
||